| 000 | 00589nam a2200241Ia 4500 | ||
|---|---|---|---|
| 005 | 20260429111913.0 | ||
| 008 | 260429s9999||||xx |||||||||||||| ||und|| | ||
| 020 | _a9789357989664 | ||
| 041 | _aEnglish | ||
| 082 |
_a294.5 _bDUT |
||
| 100 | _aDutt, Toru | ||
| 245 | 0 |
_aHindu literature / _cToru Dutt |
|
| 250 | _a1st ed. | ||
| 260 |
_aNew Delhi : _bLector House, _c2024. |
||
| 300 | _axi, 406 p.; hb | ||
| 650 | _a Hindu literature | ||
| 650 | _a Hinduism | ||
| 650 | _aReligion | ||
| 700 | _a Kalidasa | ||
| 700 | _a Valmiki | ||
| 700 | _a Wilson, Epiphanius | ||
| 942 | _cTB | ||
| 999 |
_c51355 _d51355 |
||